[Event "North Bay int"]
[Site "North Bay CAN"]
[Date "1998.08.06"]
[Round "4"]
[White "Djerkovic, Miladin"]
[Black "Gamback, Bjorn"]
[Result "1-0"]
[WhiteElo "2265"]
[BlackElo "2215"]
[PlyCount "55"]
[GameId "2160767911806611"]
[EventDate "1998.08.05"]
[EventType "swiss"]
[EventRounds "9"]
[EventCountry "CAN"]
[SourceTitle "EXT 99"]
[Source "ChessBase"]
[SourceDate "1998.11.10"]
[SourceVersion "1"]
[SourceVersionDate "1998.11.10"]
[SourceQuality "1"]

1. e4 c5 2. Nf3 d6 3. d4 cxd4 4. Nxd4 Nf6 5. Nc3 g6 6. Be3 Bg7 7. f3 Nc6 8. Bc4 O-O 9. Qd2 Bd7 10. O-O-O Rc8 11. Bb3 Ne5 12. Kb1 Nc4 13. Bxc4 Rxc4 14. g4 b5 15. h4 b4 16. Nce2 h5 17. gxh5 Nxh5 18. Rdg1 Qa5 19. Rg5 Qa6 20. Rhg1 Kh7 21. Rxh5+ gxh5 22. Rxg7+ Kxg7 23. Bh6+ Kh7 24. Bxf8 d5 25. exd5 Rc5 26. Ne6 Rxd5 27. Qh6+ Kg8 28. Qg7# 1-0

[Event "North Bay int"]
[Site "North Bay CAN"]
[Date "1998.08.06"]
[Round "4"]
[White "Dutton, Warren"]
[Black "Morrell, Gordon"]
[Result "0-1"]
[WhiteElo "2025"]
[BlackElo "2130"]
[PlyCount "74"]
[GameId "2160767911806613"]
[EventDate "1998.08.05"]
[EventType "swiss"]
[EventRounds "9"]
[EventCountry "CAN"]
[SourceTitle "EXT 1999"]
[Source "ChessBase"]
[SourceDate "1998.11.10"]
[SourceVersion "1"]
[SourceVersionDate "1998.11.10"]
[SourceQuality "1"]

1. e4 c5 2. Nc3 e6 3. Nf3 a6 4. a4 Nc6 5. d4 cxd4 6. Nxd4 Qc7 7. Be2 Nf6 8. O-O Bb4 9. Nxc6 bxc6 10. Qd4 Bd6 11. g3 e5 12. Qd3 a5 13. Rd1 Bc5 14. Bg5 Qb6 15. Bxf6 gxf6 16. Qf3 Ke7 17. Bc4 h5 18. Kg2 d6 19. h3 Bd7 20. Bb3 Rag8 21. Rd3 Rg6 22. Rad1 Qb8 23. R1d2 Qc8 24. Kf1 Bxh3+ 25. Ke1 h4 26. Nd1 hxg3 27. fxg3 Bg4 28. Qg2 Rgh6 29. Rf3 Rh1+ 30. Rf1 R1h6 31. Nf2 Rh2 32. Qg1 Bf3 33. Rd3 Bxf2+ 34. Qxf2 Rxf2 35. Kxf2 Bxe4 36. Re3 d5 37. Ke1 Rh1 0-1

[Event "North Bay int"]
[Site "North Bay CAN"]
[Date "1998.08.06"]
[Round "4"]
[White "Fedorowicz, John"]
[Black "Kosic, Dragan"]
[Result "1-0"]
[WhiteElo "2540"]
[BlackElo "2505"]
[PlyCount "71"]
[GameId "2160767911806614"]
[EventDate "1998.08.05"]
[EventType "swiss"]
[EventRounds "9"]
[EventCountry "CAN"]
[SourceTitle "EXT 1999"]
[Source "ChessBase"]
[SourceDate "1998.11.10"]
[SourceVersion "1"]
[SourceVersionDate "1998.11.10"]
[SourceQuality "1"]

1. d4 d5 2. c4 c6 3. Nf3 Nf6 4. Nc3 e6 5. Bg5 h6 6. Bxf6 Qxf6 7. e3 Nd7 8. Bd3 Qd8 9. O-O Be7 10. Qe2 O-O 11. Rfd1 dxc4 12. Bxc4 b5 13. Bd3 Bb7 14. Rac1 Qb6 15. Bb1 Rac8 16. Qc2 g6 17. a3 a5 18. h4 h5 19. Ng5 c5 20. d5 exd5 21. Nxd5 Bxd5 22. Rxd5 Rcd8 23. a4 bxa4 24. Ba2 Kg7 25. Rcd1 Nf6 26. Rxd8 Bxd8 27. Bxf7 Rxf7 28. Rxd8 Re7 29. Rd1 Qb4 30. g3 a3 31. bxa3 Qxa3 32. Rb1 a4 33. Qc4 Ng4 34. Rb8 Nf6 35. Kg2 Rd7 36. e4 1-0

[Event "North Bay int"]
[Site "North Bay CAN"]
[Date "1998.08.06"]
[Round "4"]
[White "Feldman, Steven"]
[Black "Fernandez, Daniel"]
[Result "1/2-1/2"]
[WhiteElo "2325"]
[BlackElo "2145"]
[PlyCount "28"]
[GameId "2160767911806615"]
[EventDate "1998.08.05"]
[EventType "swiss"]
[EventRounds "9"]
[EventCountry "CAN"]
[SourceTitle "EXT 99"]
[Source "ChessBase"]
[SourceDate "1998.11.10"]
[SourceVersion "1"]
[SourceVersionDate "1998.11.10"]
[SourceQuality "1"]

1. d4 d5 2. c4 c6 3. Nf3 Nf6 4. e3 e6 5. Nbd2 Bd6 6. Bd3 Nbd7 7. b3 e5 8. dxe5 Nxe5 9. Nxe5 Bxe5 10. Rb1 Bg4 11. f3 Bh5 12. O-O Qd6 13. g3 Bxg3 14. hxg3 Qxg3+ 1/2-1/2

[Event "North Bay int"]
[Site "North Bay CAN"]
[Date "1998.08.06"]
[Round "4"]
[White "Gulati, Ashish"]
[Black "Southam, David"]
[Result "1/2-1/2"]
[WhiteElo "2030"]
[BlackElo "2155"]
[PlyCount "50"]
[GameId "2160767911806618"]
[EventDate "1998.08.05"]
[EventType "swiss"]
[EventRounds "9"]
[EventCountry "CAN"]
[SourceTitle "EXT 1999"]
[Source "ChessBase"]
[SourceDate "1998.11.10"]
[SourceVersion "1"]
[SourceVersionDate "1998.11.10"]
[SourceQuality "1"]

1. e4 e6 2. d4 d5 3. e5 c5 4. c3 Nc6 5. Nf3 Qb6 6. a3 c4 7. Be2 Bd7 8. Qc2 f6 9. Bf4 Nge7 10. exf6 gxf6 11. Nbd2 O-O-O 12. b3 cxb3 13. Nxb3 Ng6 14. Bg3 Na5 15. Nxa5 Qxa5 16. O-O Ba4 17. Qb2 Bd6 18. Bxd6 Rxd6 19. Qb4 Qxb4 20. axb4 Nf4 21. Rfe1 Nxe2+ 22. Rxe2 Bb5 23. Re3 a6 24. Nd2 Re8 25. f4 Kd7 1/2-1/2

[Event "North Bay int"]
[Site "North Bay CAN"]
[Date "1998.08.06"]
[Round "4"]
[White "Howarth, Anthony"]
[Black "Puri, Vinny"]
[Result "1-0"]
[WhiteElo "2214"]
[BlackElo "2260"]
[PlyCount "97"]
[GameId "2160767911806621"]
[EventDate "1998.08.05"]
[EventType "swiss"]
[EventRounds "9"]
[EventCountry "CAN"]
[SourceTitle "EXT 99"]
[Source "ChessBase"]
[SourceDate "1998.11.10"]
[SourceVersion "1"]
[SourceVersionDate "1998.11.10"]
[SourceQuality "1"]

1. Nf3 Nf6 2. g3 g6 3. b3 Bg7 4. Bb2 O-O 5. Bg2 c5 6. c4 Nc6 7. O-O d6 8. Nc3 Bd7 9. d4 b6 10. d5 Na5 11. Nd2 a6 12. a4 Rb8 13. Ra2 Qc7 14. Qc2 e6 15. e4 exd5 16. cxd5 Rfc8 17. Nc4 Nxc4 18. bxc4 b5 19. axb5 axb5 20. Nxb5 Bxb5 21. cxb5 Rxb5 22. Bc3 Rcb8 23. Re1 Nd7 24. Bxg7 Kxg7 25. h4 h5 26. f4 Rb3 27. Kh2 Nf6 28. Bh3 Qb6 29. Qg2 Qb4 30. Ree2 Qd4 31. Rad2 Rd3 32. e5 dxe5 33. fxe5 Ng4+ 34. Bxg4 Rxd2 35. Rxd2 Qxg4 36. Qf2 Rb3 37. d6 Qd7 38. Qxc5 Rb1 39. Qd4 Qc6 40. Qd5 Qc1 41. Qg2 Rb8 42. d7 Qc7 43. Qd5 Rd8 44. e6 fxe6 45. Qxe6 Qc5 46. Kg2 Qf8 47. Rf2 Qg8 48. Qe7+ Kh6 49. Rf7 1-0

[Event "North Bay int"]
[Site "North Bay CAN"]
[Date "1998.08.06"]
[Round "4"]
[White "Huber, Gregory"]
[Black "Halldor, P."]
[Result "1/2-1/2"]
[WhiteElo "2265"]
[BlackElo "2145"]
[PlyCount "51"]
[GameId "2160767911806622"]
[EventDate "1998.08.05"]
[EventType "swiss"]
[EventRounds "9"]
[EventCountry "CAN"]
[SourceTitle "EXT 1999"]
[Source "ChessBase"]
[SourceDate "1998.11.10"]
[SourceVersion "1"]
[SourceVersionDate "1998.11.10"]
[SourceQuality "1"]

1. e4 e6 2. d4 d5 3. Nd2 Nf6 4. e5 Nfd7 5. Bd3 c5 6. c3 Nc6 7. Ne2 cxd4 8. cxd4 f6 9. exf6 Nxf6 10. Nf3 Bd6 11. O-O Qc7 12. Nc3 a6 13. Bg5 O-O 14. Bh4 Nh5 15. Re1 g6 16. Rc1 Qg7 17. Bf1 Bd7 18. Bg5 Rae8 19. Be3 Nf6 20. g3 Ng4 21. Bg2 Nxe3 22. Rxe3 Be7 23. Ne2 Bf6 24. Rb3 Bc8 25. Qd2 Re7 26. Rf1 1/2-1/2

[Event "North Bay int"]
[Site "North Bay CAN"]
[Date "1998.08.06"]
[Round "4"]
[White "Jackson, Richard"]
[Black "Campbell, Brett"]
[Result "0-1"]
[WhiteElo "2220"]
[BlackElo "2200"]
[PlyCount "28"]
[GameId "2160767911806624"]
[EventDate "1998.08.05"]
[EventType "swiss"]
[EventRounds "9"]
[EventCountry "CAN"]
[SourceTitle "EXT 99"]
[Source "ChessBase"]
[SourceDate "1998.11.10"]
[SourceVersion "1"]
[SourceVersionDate "1998.11.10"]
[SourceQuality "1"]

1. e4 g6 2. d4 Bg7 3. Nf3 d6 4. Bc4 Nf6 5. Qe2 O-O 6. e5 dxe5 7. dxe5 Nd5 8. O-O Bg4 9. h3 Bxf3 10. Qxf3 e6 11. Nc3 Nd7 12. Bxd5 Nxe5 13. Qe4 exd5 14. Nxd5 f5 0-1

[Event "North Bay int"]
[Site "North Bay CAN"]
[Date "1998.08.06"]
[Round "4"]
[White "Johnstone, Glenn"]
[Black "Olszewski, Piotr"]
[Result "1/2-1/2"]
[WhiteElo "2265"]
[BlackElo "2315"]
[PlyCount "80"]
[GameId "2160767911806625"]
[EventDate "1998.08.05"]
[EventType "swiss"]
[EventRounds "9"]
[EventCountry "CAN"]
[SourceTitle "EXT 99"]
[Source "ChessBase"]
[SourceDate "1998.11.10"]
[SourceVersion "1"]
[SourceVersionDate "1998.11.10"]
[SourceQuality "1"]

1. e4 c5 2. Nf3 e6 3. c3 d5 4. exd5 Qxd5 5. d4 Nf6 6. Be2 Nc6 7. Be3 cxd4 8. cxd4 Be7 9. Nc3 Qd8 10. O-O O-O 11. Qb3 b6 12. Rfd1 Nb4 13. Ne5 Bb7 14. Rac1 Rc8 15. h3 a6 16. a3 Nbd5 17. Bf3 Nxc3 18. bxc3 Bxf3 19. Nxf3 b5 20. a4 Qd5 21. Qb2 Ne4 22. Ne5 Bd6 23. Nd3 Rc4 24. f3 Nf6 25. axb5 axb5 26. Nc5 Qc6 27. Bf2 Nd5 28. Rc2 h6 29. Kf1 Ra8 30. Rb1 b4 31. cxb4 Rxb4 32. Qxb4 Nxb4 33. Rxb4 e5 34. Rbc4 exd4 35. Bxd4 Bg3 36. Ne4 Qb5 37. Kg1 Bf4 38. g3 Bg5 39. Kg2 Rd8 40. h4 Be7 1/2-1/2

[Event "North Bay int"]
[Site "North Bay CAN"]
[Date "1998.08.06"]
[Round "4"]
[White "Khassanov, Marat"]
[Black "Wenaas, Eric"]
[Result "1/2-1/2"]
[WhiteElo "2320"]
[BlackElo "2080"]
[PlyCount "84"]
[GameId "2160767911806626"]
[EventDate "1998.08.05"]
[EventType "swiss"]
[EventRounds "9"]
[EventCountry "CAN"]
[SourceTitle "EXT 99"]
[Source "ChessBase"]
[SourceDate "1998.11.10"]
[SourceVersion "1"]
[SourceVersionDate "1998.11.10"]
[SourceQuality "1"]

1. e4 e5 2. Nf3 Nc6 3. Bb5 a6 4. Bxc6 dxc6 5. Nc3 Bd6 6. d4 Bg4 7. dxe5 Bxf3 8. Qxf3 Bxe5 9. Bf4 Qf6 10. Bxe5 Qxe5 11. Qg3 Qxg3 12. hxg3 O-O-O 13. g4 f6 14. Ke2 Nh6 15. f3 Nf7 16. Rad1 h6 17. Rxd8+ Rxd8 18. Rd1 Rd6 19. f4 Kd7 20. Rd3 Ke7 21. Nd1 c5 22. Ne3 Rxd3 23. Kxd3 Kd7 24. g3 c6 25. Nf5 g5 26. b3 b6 27. c3 a5 28. Ne3 Kd6 29. a3 Kc7 30. Nc4 Nd6 31. Nd2 Nf7 32. Nf3 Kd6 33. e5+ fxe5 34. f5 Ke7 35. Nd2 Nd6 36. c4 Kf6 37. Ne4+ Nxe4 38. Kxe4 b5 39. a4 b4 40. Ke3 Ke7 41. Kf3 Kf7 42. Ke3 Ke7 1/2-1/2

[Event "North Bay int"]
[Site "North Bay CAN"]
[Date "1998.08.06"]
[Round "4"]
[White "Mayo, Alvah"]
[Black "Cormos, Eugene"]
[Result "0-1"]
[WhiteElo "2154"]
[BlackElo "2095"]
[PlyCount "80"]
[GameId "2160767911806627"]
[EventDate "1998.08.05"]
[EventType "swiss"]
[EventRounds "9"]
[EventCountry "CAN"]
[SourceTitle "EXT 99"]
[Source "ChessBase"]
[SourceDate "1998.11.10"]
[SourceVersion "1"]
[SourceVersionDate "1998.11.10"]
[SourceQuality "1"]

1. e4 e5 2. Nf3 Nc6 3. Bb5 a6 4. Ba4 Nf6 5. O-O Be7 6. Re1 b5 7. Bb3 d6 8. c3 O-O 9. d3 Bg4 10. h3 Bh5 11. Nbd2 Na5 12. Bc2 c5 13. Nf1 Nd7 14. g4 Bg6 15. Ng3 Nb6 16. Be3 Qc7 17. h4 f6 18. Kg2 d5 19. h5 Bf7 20. Nh4 d4 21. Bd2 Nc6 22. Rg1 c4 23. Ngf5 Rfd8 24. cxd4 Nxd4 25. Nxd4 Rxd4 26. Be3 Rd7 27. Rc1 Bc5 28. Bd2 cxd3 29. Bb1 Nc4 30. Bc3 d2 31. Rc2 Qb6 32. b3 Bxf2 33. bxc4 Bxg1 34. Rxd2 Rxd2+ 35. Qxd2 Bxc4 36. Nf5 Qd8 37. Kxg1 Qxd2 38. Bxd2 Rd8 39. Ne7+ Kf7 40. Nd5 Bxd5 0-1

[Event "North Bay int"]
[Site "North Bay CAN"]
[Date "1998.08.06"]
[Round "4"]
[White "Milicevic, Goran"]
[Black "Curdo, John"]
[Result "1-0"]
[WhiteElo "2370"]
[BlackElo "2295"]
[PlyCount "65"]
[GameId "2160767911806628"]
[EventDate "1998.08.05"]
[EventType "swiss"]
[EventRounds "9"]
[EventCountry "CAN"]
[SourceTitle "EXT 99"]
[Source "ChessBase"]
[SourceDate "1998.11.10"]
[SourceVersion "1"]
[SourceVersionDate "1998.11.10"]
[SourceQuality "1"]

1. d4 f5 2. Nc3 Nf6 3. Bg5 d5 4. e3 e6 5. Nge2 c5 6. Nf4 Be7 7. Bb5+ Nc6 8. Nh5 cxd4 9. exd4 O-O 10. Bxf6 Bxf6 11. Nxf6+ Qxf6 12. Bxc6 bxc6 13. O-O Rb8 14. Na4 e5 15. dxe5 Qxe5 16. Re1 Qf6 17. c3 f4 18. f3 Qg6 19. Qd4 Bh3 20. Qf2 Rb7 21. Kh1 Bc8 22. Re5 Rbf7 23. Rae1 Rf5 24. Rxf5 Rxf5 25. Qxa7 Rh5 26. Qe7 h6 27. Qe8+ Kh7 28. Qxg6+ Kxg6 29. Kg1 Kf6 30. Nc5 Re5 31. Rxe5 Kxe5 32. Nd3+ Kf5 33. a4 1-0

[Event "North Bay int"]
[Site "North Bay CAN"]
[Date "1998.08.06"]
[Round "4"]
[White "Olson, David L"]
[Black "Remedios, Russell"]
[Result "1/2-1/2"]
[WhiteElo "2135"]
[BlackElo "2171"]
[PlyCount "69"]
[GameId "2160767911806630"]
[EventDate "1998.08.05"]
[EventType "swiss"]
[EventRounds "9"]
[EventCountry "CAN"]
[SourceTitle "EXT 99"]
[Source "ChessBase"]
[SourceDate "1998.11.10"]
[SourceVersion "1"]
[SourceVersionDate "1998.11.10"]
[SourceQuality "1"]

1. e4 c5 2. Nf3 d6 3. d4 cxd4 4. Qxd4 Bd7 5. Bg5 Nc6 6. Qd2 g6 7. Be2 Bg7 8. c3 Nf6 9. Bxf6 Bxf6 10. O-O O-O 11. Na3 Rc8 12. Nc2 Bg4 13. Nfd4 Bxe2 14. Nxe2 Qb6 15. Ne3 e6 16. Rad1 Rfd8 17. Ng3 Na5 18. Kh1 Nc4 19. Nxc4 Rxc4 20. f4 Bh4 21. b3 Rc5 22. Ne2 Qc6 23. Qe3 Bf6 24. Nd4 Bxd4 25. cxd4 Rc3 26. Rd3 Rc8 27. Rxc3 Qxc3 28. Qxc3 Rxc3 29. Kg1 Rd3 30. Rc1 Rxd4 31. Rc7 Rd1+ 32. Kf2 Rd2+ 33. Kf3 Rxa2 34. Rxb7 Ra6 35. Ke3 1/2-1/2

[Event "North Bay int"]
[Site "North Bay CAN"]
[Date "1998.08.06"]
[Round "4"]
[White "Rajlich, Vasik"]
[Black "Hummel, Patrick"]
[Result "1/2-1/2"]
[WhiteElo "2270"]
[BlackElo "2240"]
[PlyCount "113"]
[GameId "2160767911806632"]
[EventDate "1998.08.05"]
[EventType "swiss"]
[EventRounds "9"]
[EventCountry "CAN"]
[SourceTitle "EXT 1999"]
[Source "ChessBase"]
[SourceDate "1998.11.10"]
[SourceVersion "1"]
[SourceVersionDate "1998.11.10"]
[SourceQuality "1"]

1. e4 e6 2. d4 d5 3. e5 c5 4. c3 Nc6 5. Nf3 Qb6 6. Be2 Nh6 7. Bxh6 gxh6 8. Qd2 Bd7 9. O-O Bg7 10. Na3 O-O 11. Nc2 cxd4 12. cxd4 f6 13. exf6 Rxf6 14. b4 Raf8 15. b5 Na5 16. Ne5 Bxb5 17. Rab1 Bxe2 18. Rxb6 Bxf1 19. Rb1 Rxf2 20. Qxf2 Rxf2 21. Kxf2 Ba6 22. Re1 Bb5 23. Re3 a6 24. a3 Ba4 25. Ne1 Nb3 26. N1f3 Bf8 27. Nd3 Bxa3 28. Rxe6 Bb5 29. Nf4 Bc6 30. Rxh6 Bc1 31. Rf6 Nd2 32. Nxd2 Bxd2 33. Ne6 Bb4 34. Rf3 a5 35. Rg3+ Kf7 36. Nd8+ Kf6 37. Nxc6 bxc6 38. Rg8 c5 39. Rh8 Kg7 40. Rd8 cxd4 41. Rxd5 Bc3 42. Rd6 Bb4 43. Ra6 d3 44. Ke3 d2 45. Ke2 h5 46. Kd1 Kh7 47. Kc2 Kg7 48. Re6 Kh7 49. Re3 Kg6 50. Rg3+ Kh6 51. Rg8 Kh7 52. Rg5 Kh6 53. h4 Bc3 54. Kd1 Bb4 55. Ke2 Bc3 56. Rd5 Kg6 57. Rg5+ 1/2-1/2

[Event "North Bay int"]
[Site "North Bay CAN"]
[Date "1998.08.06"]
[Round "4"]
[White "Saleh, Maher"]
[Black "Peredun, Andrew"]
[Result "1-0"]
[WhiteElo "2220"]
[BlackElo "2234"]
[PlyCount "71"]
[GameId "2160767911806633"]
[EventDate "1998.08.05"]
[EventType "swiss"]
[EventRounds "9"]
[EventCountry "CAN"]
[SourceTitle "EXT 99"]
[Source "ChessBase"]
[SourceDate "1998.11.10"]
[SourceVersion "1"]
[SourceVersionDate "1998.11.10"]
[SourceQuality "1"]

1. Nf3 Nf6 2. g3 g6 3. Bg2 Bg7 4. O-O O-O 5. c4 d6 6. d4 Nbd7 7. Qc2 c6 8. Nc3 e5 9. Rd1 Re8 10. e4 exd4 11. Nxd4 Ne5 12. b3 Qb6 13. h3 Nh5 14. Be3 Qc7 15. Rab1 a5 16. f4 Nd7 17. Bf2 Nc5 18. a3 Ne6 19. Nde2 Bd7 20. Qd2 Bf8 21. b4 axb4 22. axb4 Nf6 23. g4 Rad8 24. f5 Ng7 25. Bd4 Be7 26. g5 Nxe4 27. Nxe4 Bxf5 28. N2g3 d5 29. Nxf5 Nxf5 30. Nf6+ Bxf6 31. Bxf6 Ra8 32. cxd5 cxd5 33. Qxd5 Ne3 34. Qxb7 Qg3 35. Qf3 Qh4 36. Rd4 1-0

[Event "North Bay int"]
[Site "North Bay CAN"]
[Date "1998.08.06"]
[Round "4"]
[White "St Amand, Paul Jr"]
[Black "Goldenberg, Danny"]
[Result "1/2-1/2"]
[WhiteElo "2220"]
[BlackElo "2325"]
[PlyCount "33"]
[GameId "2160767911806636"]
[EventDate "1998.08.05"]
[EventType "swiss"]
[EventRounds "9"]
[EventCountry "CAN"]
[SourceTitle "EXT 99"]
[Source "ChessBase"]
[SourceDate "1998.11.10"]
[SourceVersion "1"]
[SourceVersionDate "1998.11.10"]
[SourceQuality "1"]

1. e4 c5 2. c3 d5 3. exd5 Qxd5 4. d4 Nf6 5. Nf3 Bg4 6. Be2 e6 7. O-O Nc6 8. h3 Bh5 9. Be3 cxd4 10. cxd4 Be7 11. Nc3 Qd6 12. Qb3 O-O 13. Rfd1 Nb4 14. Rac1 Nbd5 15. Nxd5 Nxd5 16. a3 Bf6 17. Rd2 1/2-1/2

[Event "North Bay int"]
[Site "North Bay CAN"]
[Date "1998.08.06"]
[Round "4"]
[White "Urquhart, Eddie"]
[Black "Levtchouk, George"]
[Result "0-1"]
[WhiteElo "2207"]
[BlackElo "2330"]
[PlyCount "112"]
[GameId "2160767911806638"]
[EventDate "1998.08.05"]
[EventType "swiss"]
[EventRounds "9"]
[EventCountry "CAN"]
[SourceTitle "EXT 99"]
[Source "ChessBase"]
[SourceDate "1998.11.10"]
[SourceVersion "1"]
[SourceVersionDate "1998.11.10"]
[SourceQuality "1"]

1. e4 g6 2. Nc3 Bg7 3. f4 c6 4. Bc4 b5 5. Bb3 a5 6. a3 Ba6 7. d3 e6 8. e5 d5 9. exd6 Qxd6 10. Ne4 Qe7 11. Ne2 Nd7 12. O-O Ngf6 13. N2g3 O-O 14. Rb1 c5 15. Ba2 Nd5 16. c4 N5b6 17. cxb5 Bxb5 18. Qc2 Bd4+ 19. Kh1 Rac8 20. Bc4 Nxc4 21. dxc4 Bc6 22. Bd2 a4 23. Bc3 Bxc3 24. Nxc3 Nf6 25. Qe2 Qb7 26. Rf2 Rfd8 27. h3 Rd7 28. Rd1 Rcd8 29. Rxd7 Qxd7 30. Kh2 Qd4 31. Rf1 Rb8 32. Rf2 h5 33. Nf1 Ne4 34. Nxe4 Bxe4 35. Ne3 Rb3 36. Nc2 Qd3 37. Qxd3 Rxd3 38. Re2 f5 39. Ne3 h4 40. Kg1 Kf7 41. Kf2 Rd4 42. g3 hxg3+ 43. Kxg3 g5 44. fxg5 f4+ 45. Kxf4 Bd3+ 46. Kf3 Bxe2+ 47. Kxe2 Kg6 48. h4 Rxh4 49. Kd3 Kxg5 50. Nf1 Kf4 51. Nd2 e5 52. b4 e4+ 53. Ke2 Rh2+ 54. Ke1 e3 55. Nf1 Ra2 56. bxc5 Kf3 0-1

[Event "North Bay int"]
[Site "North Bay CAN"]
[Date "1998.08.06"]
[Round "4"]
[White "Wen, Jean-Francois"]
[Black "Larochelle, Martial"]
[Result "1/2-1/2"]
[WhiteElo "2217"]
[BlackElo "2282"]
[PlyCount "57"]
[GameId "2160767911806639"]
[EventDate "1998.08.05"]
[EventType "swiss"]
[EventRounds "9"]
[EventCountry "CAN"]
[SourceTitle "EXT 99"]
[Source "ChessBase"]
[SourceDate "1998.11.10"]
[SourceVersion "1"]
[SourceVersionDate "1998.11.10"]
[SourceQuality "1"]

1. Nf3 d6 2. g3 e5 3. d3 f5 4. Bg2 Nf6 5. c4 Be7 6. Nc3 O-O 7. O-O Qe8 8. Bg5 h6 9. Bxf6 Bxf6 10. Qc2 Na6 11. a3 c6 12. Rac1 Nc7 13. e3 Be6 14. Ne2 d5 15. d4 exd4 16. Nexd4 dxc4 17. Nxe6 Qxe6 18. Qxc4 Bxb2 19. Qxe6+ Nxe6 20. Rb1 Bxa3 21. Rxb7 Bc5 22. Ne5 Nd8 23. Rbb1 Re8 24. Nxc6 Rc8 25. Rfc1 Nxc6 26. Rxc5 Ne5 27. Ra5 Re7 28. Rba1 Rcc7 29. h4 1/2-1/2

[Event "North Bay int"]
[Site "North Bay CAN"]
[Date "1998.08.07"]
[Round "5"]
[White "Betaneli, Alexander"]
[Black "St Amand, Paul Jr"]
[Result "1-0"]
[WhiteElo "2340"]
[BlackElo "2220"]
[PlyCount "142"]
[GameId "2160767911806642"]
[EventDate "1998.08.05"]
[EventType "swiss"]
[EventRounds "9"]
[EventCountry "CAN"]
[SourceTitle "EXT 99"]
[Source "ChessBase"]
[SourceDate "1998.11.10"]
[SourceVersion "1"]
[SourceVersionDate "1998.11.10"]
[SourceQuality "1"]

1. c4 Nf6 2. Nc3 c5 3. Nf3 Nc6 4. d4 cxd4 5. Nxd4 e6 6. Bg5 Bc5 7. e3 Qb6 8. Nb3 Bb4 9. Bxf6 gxf6 10. Qf3 Bxc3+ 11. bxc3 Qd8 12. Qg3 f5 13. Qg7 Ke7 14. c5 Qg8 15. Qh6 Qg6 16. Qf4 e5 17. Qa4 Qg4 18. Qa3 Rg8 19. Rd1 f4 20. Qc1 fxe3 21. Qxe3 Rg6 22. f3 Qg5 23. Qxg5+ Rxg5 24. Kf2 b6 25. Bd3 h5 26. h4 Rg7 27. Be4 Bb7 28. Rhe1 Rag8 29. f4 f6 30. Bd5 Rf8 31. Bf3 Rfg8 32. Bd5 Rf8 33. c4 Kd8 34. Kg1 Kc7 35. Rd2 exf4 36. Rf1 Rg4 37. cxb6+ axb6 38. Nd4 Nxd4 39. Rxd4 Bxd5 40. cxd5 Kd6 41. Rdxf4 Rxf4 42. Rxf4 Kxd5 43. Rf5+ Ke4 44. Rxh5 d5 45. Rh7 d4 46. Re7+ Kd5 47. Rd7+ Kc4 48. Kf2 Ra8 49. h5 Rxa2+ 50. Kf3 Ra5 51. g4 Re5 52. h6 d3 53. h7 Re8 54. Rc7+ Kd4 55. Kf4 d2 56. Rd7+ Kc3 57. Kf5 Kc2 58. Kxf6 d1=Q 59. Rxd1 Kxd1 60. g5 b5 61. g6 b4 62. g7 b3 63. g8=Q Rxg8 64. hxg8=Q b2 65. Qb3+ Kc1 66. Qc3+ Kb1 67. Ke5 Ka2 68. Qc2 Ka1 69. Qa4+ Kb1 70. Kd4 Kc1 71. Kc3 b1=B 1-0

[Event "North Bay int"]
[Site "North Bay CAN"]
[Date "1998.08.07"]
[Round "5"]
[White "Burnett, Ronald"]
[Black "Serper, Grigory"]
[Result "1-0"]
[WhiteElo "2395"]
[BlackElo "2535"]
[PlyCount "101"]
[GameId "2160767911806643"]
[EventDate "1998.08.05"]
[EventType "swiss"]
[EventRounds "9"]
[EventCountry "CAN"]
[SourceTitle "EXT 99"]
[Source "ChessBase"]
[SourceDate "1998.11.10"]
[SourceVersion "1"]
[SourceVersionDate "1998.11.10"]
[SourceQuality "1"]

1. e4 c5 2. c4 Nc6 3. g3 g6 4. Bg2 Bg7 5. Ne2 e6 6. Nbc3 Nge7 7. d3 d6 8. O-O O-O 9. Rb1 Rb8 10. a3 Nd4 11. Nxd4 cxd4 12. Ne2 b5 13. b4 e5 14. cxb5 Rxb5 15. a4 Rb8 16. b5 a6 17. Ba3 axb5 18. axb5 Rb6 19. f4 Bd7 20. fxe5 Bxe5 21. Bc1 Kg7 22. Qa4 Qa8 23. Qc4 Be6 24. Qb4 Nc6 25. Qd2 Na7 26. Qh6+ Kg8 27. Nf4 Rxb5 28. Nxe6 fxe6 29. Ra1 Rxf1+ 30. Bxf1 Rb7 31. Bh3 Qe8 32. Qg5 Nb5 33. Bxe6+ Qxe6 34. Ra8+ Kf7 35. Qd8 Qe7 36. Qg8+ Kf6 37. Rf8+ Qf7 38. Rxf7+ Rxf7 39. Bg5+ Kxg5 40. Qxf7 h5 41. Qf8 h4 42. Qe7+ Kh6 43. Qxh4+ Kg7 44. Qe7+ Kh6 45. Kg2 Nc3 46. Qf8+ Kh7 47. Kf3 Nd1 48. h4 Ne3 49. g4 Nf1 50. Qf7+ Bg7 51. Qd7 1-0

[Event "North Bay int"]
[Site "North Bay CAN"]
[Date "1998.08.07"]
[Round "5"]
[White "Campbell, Brett"]
[Black "Huber, Gregory"]
[Result "1/2-1/2"]
[WhiteElo "2200"]
[BlackElo "2265"]
[PlyCount "97"]
[GameId "2160767911806645"]
[EventDate "1998.08.05"]
[EventType "swiss"]
[EventRounds "9"]
[EventCountry "CAN"]
[SourceTitle "EXT 1999"]
[Source "ChessBase"]
[SourceDate "1998.11.10"]
[SourceVersion "1"]
[SourceVersionDate "1998.11.10"]
[SourceQuality "1"]

1. c4 e6 2. d4 d5 3. Nc3 c5 4. cxd5 exd5 5. Nf3 Nc6 6. g3 Nf6 7. Bg2 Be7 8. O-O O-O 9. dxc5 Bxc5 10. Bg5 d4 11. Bxf6 Qxf6 12. Ne4 Qe7 13. Nxc5 Qxc5 14. Rc1 Qb6 15. Qc2 g6 16. Rfd1 Bf5 17. Qd2 Rad8 18. Qh6 f6 19. Nh4 Ne7 20. Rd2 Be6 21. Rdc2 Rd7 22. b3 Qa5 23. Qd2 Qb6 24. Rc5 Qd6 25. Qf4 Qxf4 26. gxf4 Bd5 27. Rd1 Bxg2 28. Kxg2 Rfd8 29. Kf3 f5 30. Rd3 Nc6 31. a3 Kf7 32. b4 Ke6 33. Ng2 Rd5 34. Rxd5 Rxd5 35. e3 dxe3 36. Kxe3 a5 37. bxa5 Rxa5 38. Nh4 Ra4 39. Ng2 Na5 40. Ke2 Nc4 41. Rb3 Nd6 42. Rh3 Nf7 43. Rb3 Nd6 44. Rh3 b5 45. Rxh7 Rxa3 46. Rh6 Kf7 47. Nh4 Ne4 48. Rh7+ Kf6 49. Rh6 1/2-1/2